000 00727nam a2200253 i 4500
001 C2-0254937
003 PPAK
005 20180727222822.0
008 040518s2003 my a|||| ||||| | may d
020 _a9836271155
040 _aPPAK
_beng
_cPPAK
_erda
082 0 4 _a502.82
_223
090 0 0 _a502.82
_bROG
_dRK
100 1 _aRogers, Kirsteen,
_eauthor
245 1 0 _aBuku lengkap mikroskop
264 1 _aKuala Lumpur :
_bDewan Bahasa dan Pustaka ,
_c2003
300 _a96 pages :
_bcolour illustrations ;
_c28 cm
336 _2rdacontent
_atext
337 _2rdamedia
_aunmediated
338 _2rdacarrier
_avolume
650 1 0 _aMicroscopes ; Optical instruments
700 1 _aDowswell, Paul,
_eeditor
942 _ddc
_cB
999 _c67577
_d67577